Istanbul Movies by Picture - Statistics

General Stats
  • This quiz has been taken 180 times
  • The average score is 4 of 16
Answer Stats
Picture Answer % Correct
Tintin and the Golden Fleece
79%
Taken 2
69%
From Russia with Love
62%
Murder on the Orient Express
58%
Argo
55%
Hitman
41%
Tinker Tailor Soldier Spy
23%
Midnight Express
16%
Topkapi
10%
Hamam: The Turkish Bath
8%
Head-On
5%
Uzak
4%
The Edge of Heaven
3%
Five Fingers
2%
Journey into Fear
2%
L'Immortelle
2%
No matching quizzes found
Score Distribution
Percent of People with Each Score
Percentile by Number Answered
Your Score History
You have not taken this quiz